| 000 | 00517nam a2200205Ia 4500 | ||
|---|---|---|---|
| 003 | OSt | ||
| 005 | 20230425113906.0 | ||
| 008 | 210423s2010 xx 000 0 und d | ||
| 020 | _a9781846681080 | ||
| 040 | _cAL | ||
| 041 | _aeng | ||
| 082 |
_a658 _223 _bHINT |
||
| 100 |
_aHINDLE (Tim). _992517 |
||
| 245 | _aGuide to management ideas and gurus. | ||
| 260 |
_aLondon _bProfile Book Ltd _c2010 |
||
| 300 |
_a322 _bPB |
||
| 365 |
_b395 _cINR |
||
| 906 | _aGuide ; gurus. ; ideas ; management | ||
| 942 |
_2ddc _cBK |
||
| 999 |
_c160993 _d160993 |
||